| 000 | 01189cam a2200325 a 4500 | ||
|---|---|---|---|
| 999 |
_c31770 _d31767 |
||
| 001 | 16368214 | ||
| 003 | OSt | ||
| 005 | 20190924104005.0 | ||
| 008 | 100728s2011 ncu b 001 0 eng c | ||
| 010 | _a 2010031784 | ||
| 020 | _a9780822348948 (alk. paper) | ||
| 020 | _a9780822349174 (pbk. : alk. paper) | ||
| 040 |
_aMMU _cMMU _dMMU _beng |
||
| 042 | _apcc | ||
| 043 | _an-us--- | ||
| 050 | 0 | 0 |
_aRA448.5.N4 _bH655 2011 |
| 082 | 0 | 0 |
_a174.20973 _222 |
| 100 | 1 |
_aHolloway, Karla F. C., _d1949- |
|
| 245 | 1 | 0 |
_aPrivate bodies, public texts : _brace, gender, and a cultural bioethics / _cKarla F.C. Holloway. |
| 260 |
_aDurham, NC : _bDuke University Press, _c2011. |
||
| 300 |
_axxiii, 225 p. ; _c22 cm. |
||
| 504 | _aIncludes bibliographical references (p. [199]-209) and index. | ||
| 505 | 0 | _aBloodchild -- Cartographies of desire -- Who's got the body? -- Immortality in cultures. | |
| 650 | 0 |
_aAfrican Americans _xMedical care _xMoral and ethical aspects. |
|
| 650 | 0 |
_aMedical ethics _zUnited States. |
|
| 650 | 0 |
_aSocial status _xHealth aspects _zUnited States. |
|
| 650 | 0 | _aHealth and race. | |
| 906 |
_a7 _bcbc _corignew _d1 _eecip _f20 _gy-gencatlg |
||
| 942 |
_2lcc _cLOAN LOAN |
||